| 000 | 00922nam a22001577a 4500 | ||
|---|---|---|---|
| 003 | OSt | ||
| 005 | 20151105143642.0 | ||
| 008 | 151105b xxu||||| |||| 00| 0 eng d | ||
| 040 | _cRUA | ||
| 082 | _aFOR KON 1999 B125 Or.1 | ||
| 100 |
_93396 _aKONG, CHAMROEUN. |
||
| 245 | _aStudy on natural regeneration and damage forest post-harvesting of dipterocapaceae in i-4coupe of coloexim concession in kompong thom province, សិក្សាពីការបន្តពូជដោយធម្មជាតិ និងការខូចខាត់ព្រៃក្រោយអាជីចកម្មចំពោះគ្រួសារ dipterocaeae ក្នុងព្រៃគុប i-៤ នៃព្រៃសម្បាទានសហគ្រាសកូឡិចស៊ីមក្នុងខេត្តកំពង់ធំ | ||
| 260 |
_aPhnom Penh _bRUA _c1999 |
||
| 300 |
_a69p. _bill. _c29cm. |
||
| 942 |
_2ddc _cFOR |
||
| 999 |
_c3168 _d3168 |
||